000 002300000a22000970004500
100 1 _aHiebert, Paul G. (1932- )
245 1 0 _aA conflict of world views
300 _aNúm 4 (1984), Páginas 23-24
773 0 _tTogether
942 _cANA
999 _c57025
_d57025